Loading...
| Science - Chemistry | 2 | 5 | 0 | 0 | 80 | 40 | 70.86 | 4 | 7 | 0.00 | 0.00 |
| Science - Physics | 0 | 4 | 2 | 0 | 30 | 71 | 91.75 | 1 | 4 | 0.00 | 0.00 |
| Science - Biology | 0 | 2 | 0 | 0 | 20 | 76 | 84.50 | 2 | 2 | 0.00 | 0.00 |
| Social Science | 0 | 1 | 0 | 0 | 10 | 112 | 112.00 | 0 | 1 | 0.00 | 0.00 |
| Pop Culture | 0 | 1 | 0 | 0 | 10 | 144 | 144.00 | 0 | 0 | 0.00 | 0.00 |
| Religion | 0 | 1 | 0 | 1 | 10 | 136 | 136.00 | 1 | 1 | 0.00 | 0.00 |
| Geography | 0 | 1 | 0 | 1 | 10 | 132 | 132.00 | 0 | 1 | 0.00 | 0.00 |
| Science - Other | 0 | 2 | 3 | 1 | 5 | 66 | 92.00 | 1 | 1 | 0.00 | 0.00 |
| History - American | 0 | 1 | 1 | 1 | 5 | 143 | 143.00 | 0 | 1 | 0.00 | 0.00 |
| History - Other | 0 | 0 | 1 | 0 | -5 | 0.00 | 0 | 0 | 0.00 | 0.00 | |
| Literature - British | 0 | 0 | 1 | 0 | -5 | 0.00 | 0 | 0 | 0.00 | 0.00 |